Days of the week in Croatian - Statistics

General Stats
  • This quiz has been taken 21 times
  • The average score is 7 of 7
Answer Stats
Day Answer % Correct
Thursday četvrtak
100%
Friday petak
100%
Sunday nedjelja
94%
Wednesday srijeda
94%
Saturday subota
94%
Tuesday utorak
94%
Monday ponedjeljak
89%
No matching quizzes found
Score Distribution
Percent of People with Each Score
Percentile by Number Answered
Your Score History
You have not taken this quiz